00842nam a2200181 a 450000100100000000500170001000800410002704000250006808200150009311000840010824501020019226000880029430000200038204900090040295201130041195201190052499900170064300002902920200930055303.0110413s1926 dr 000 0 spa d aDO-SdBNPbspacBNPHU axxxbR426t1 aRepública DominicanabSecretaría de Estado del Relaciones Exteriores95594710aTratados, convenciones y acuerdos vigentes en la República Dominicana el 1ero de julio de 1945. aCiudad Trujillo, República Dominicana :bEditorial Luis Sánchez Andujar,c1926. a46 p. ;c24 cm. aBNPD 0010718PDaPDbPDcHDd2011-04-13iLF1l0oxxx R426tp29029-10r2020-06-25w2020-06-25yLFPDZNo se presta 0010718PDaPDbPDcCTd2012-05-03iLF1l0oxxx R426tp29029-20r2020-06-25te. 2w2020-06-25yLFPDZNo se presta c28521d28521